000 00707nam a2200181Ia 4500
008 151018s9999 xx 000 0 und d
082 _bRBASDV46157
_a891.433
100 _aसुकीर्ती भटनागर
245 _aअह्स्ताक्षरीत संधीपत्र
250 _b1
260 _bइतिहास शोध संस्थान
_c2006
300 _a165
600 _aसुकीर्ती भटनागर
630 _aअह्स्ताक्षरीत संधीपत्र
700 _aसुकीर्ती भटनागर
730 _aअह्स्ताक्षरीत संधीपत्र
942 _cBOOK
999 _c1045318
_d1045315